हिन्दुस्तानी संगीत में सारंग, मल्हार और कान्हड़ा / (Record no. 119376)
[ view plain ]
| 000 -LEADER | |
|---|---|
| fixed length control field | 01194nam a22002417a 4500 |
| 005 - DATE AND TIME OF LATEST TRANSACTION | |
| control field | 20170124103133.0 |
| 010 ## - LIBRARY OF CONGRESS CONTROL NUMBER | |
| LC control number | B-068692 |
| 020 ## - INTERNATIONAL STANDARD BOOK NUMBER | |
| Terms of availability | 00.00 |
| International Standard Book Number | 8173914923 |
| 035 ## - SYSTEM CONTROL NUMBER | |
| System control number | B-068692 |
| 037 ## - SOURCE OF ACQUISITION | |
| Source of stock number/acquisition | Cen Lib/Ret |
| 040 ## - CATALOGING SOURCE | |
| Original cataloging agency | DPL |
| Language of cataloging | HN |
| 082 ## - DEWEY DECIMAL CLASSIFICATION NUMBER | |
| Classification number | 781.264 |
| Item number | नाहर |
| 100 ## - MAIN ENTRY--PERSONAL NAME | |
| Personal name | नाहर, प्रेमलता |
| 9 (RLIN) | 84586 |
| 245 ## - TITLE STATEMENT | |
| Title | हिन्दुस्तानी संगीत में सारंग, मल्हार और कान्हड़ा / |
| Statement of responsibility, etc | प्रेमलता नाहर |
| 246 ## - VARYING FORM OF TITLE | |
| Title proper/short title | Hindustani sangeet me sarang , malhaar aur kanhada / |
| Remainder of title | by Premlata Nahar |
| 260 ## - PUBLICATION, DISTRIBUTION, ETC. (IMPRINT) | |
| Place of publication, distribution, etc | नयी दिल्ली |
| Name of publisher, distributor, etc | कनिष्का पब्लिशेर्स |
| Date of publication, distribution, etc | 2002 |
| 270 ## - ADDRESS | |
| City | नयी दिल्ली |
| Address | 4697/5-21 A, अनासरी रोड, दरियागंज |
| Postal code | 110002 |
| 300 ## - PHYSICAL DESCRIPTION | |
| Extent | 246पृ. |
| Dimensions | 20सेमी(सजिल्द ) |
| 500 ## - GENERAL NOTE | |
| General note | सन्दर्भ सूची शामिल |
| 650 ## - SUBJECT ADDED ENTRY--TOPICAL TERM | |
| Topical term or geographic name as entry element | संगीत शिक्षा--भारत |
| General subdivision | |
| Geographic subdivision | |
| 9 (RLIN) | 81361 |
| 650 ## - SUBJECT ADDED ENTRY--TOPICAL TERM | |
| Topical term or geographic name as entry element | Music Education - India |
| 9 (RLIN) | 84587 |
| 942 ## - ADDED ENTRY ELEMENTS (KOHA) | |
| Source of classification or shelving scheme | Dewey Decimal Classification |
| Koha item type | Hindi Books |
| Classification part | 781.264 |
| Call number suffix | नाहर |
| Withdrawn status | Lost status | Damaged status | Not for loan | Home library | Current library | Date acquired | Source of acquisition | Cost, normal purchase price | Total Checkouts | Full call number | Barcode | Date last seen | Date checked out | Copy number | Cost, replacement price | Price effective from | Koha item type |
|---|---|---|---|---|---|---|---|---|---|---|---|---|---|---|---|---|---|
| Central Library | Central Library | 16/09/2015 | Cen Lib/Ref | 0.00 | 1 | 781.264 नाहर | B-068692 | 23/03/2022 | 02/03/2022 | 1 | 0.00 | 16/09/2015 | Hindi Books |
